000 00418nam a2200145Ia 4500
008 231129s2005||||xx |||||||||||||| ||spa||
020 _a958-9067-95-6
040 _bspa
082 _a(i) 918.61 R628g
100 _aRobayo Vásquez Blanca Inés
245 0 _aGeografí­a para niños
260 _c2005
264 _aInstituto Geográfico Agustí­n Codazzi
942 _2ddc
_cBKS
999 _c14429
_d14429